| 000 | 00622nam a2200205Ia 4500 | ||
|---|---|---|---|
| 003 | BUBTL | ||
| 008 | 151213s9999 xx 000 0 und d | ||
| 020 | _a0072525231 | ||
| 082 | _a658.8/ P426b/ 2005 | ||
| 100 |
_aPerreault, William D. _92567 |
||
| 245 |
_aBasic Marketing : A Global - Managerial Approach / _cWiliam D. Perreault , E.Jeromei McCarthy |
||
| 250 | _a15th ed. | ||
| 260 |
_aBoston _bMcGraw Hill _cc2005. |
||
| 300 |
_axli, 793 p . : _bill. ; _c28 cm. |
||
| 650 |
_aMarketing _92569 |
||
| 700 |
_a McCarthy, E.Jeromei _92568 |
||
| 856 |
_k0 _l0 _yDownload |
||
| 942 |
_2ddc _cBK |
||
| 999 |
_c1684 _d1684 |
||